000 00747nam a22002297a 4500
005 20170124110157.0
010 _aB-058558
020 _c00.00
_a818779017
035 _aB-058558
037 _bCen Lib/Ret
040 _aDPL
_bEN
082 _a025.524
_bSIN
100 _aSingh, A. P
_935335
245 _aInformation management in archives and libraries /
_cby A. R. Singh
260 _aDelhi
_bAakar Publications
_c2001
270 _a28-E, Pocket-IV, Mayur Vihar, Phase-I
_bDelhi
_e110091
300 _a172p.
_c21cm(Hb)
500 _aIncludes bibliographical references and index
650 _aLibrary administration
_92603
650 _aArchives -- India -- Administration
_935336
942 _2ddc
_cEN
_h025.524
_mSIN
999 _c132636
_d132636